Miasta i wsie leżące nad Dunajcem - Statystyki

Ogólne statystyki
  • Ten quiz został rozwiązany 12 razy
  • Średni wynik to 34 z 139
Statystyki odpowiedzi
Populacja Miejscowość % Poprawnych
79 985 Nowy Sącz
91%
5208 Szczawnica
91%
8701 Stary Sącz
82%
407 Czorsztyn
73%
2153 Niedzica
73%
102 582 Tarnów
73%
3680 Czarny Dunajec
64%
3449 Krościenko nad Dunajcem
64%
5180 Biały Dunajec
55%
2276 Czchów
55%
30 807 Nowy Targ
55%
1684 Rożnów
55%
3112 Tylmanowa
55%
1500 Witów
55%
1579 Zakliczyn
55%
757 Gródek nad Dunajcem
45%
3159 Łącko
45%
1153 Maszkowice
45%
4466 Poronin
45%
1049 Sromowce Niżne
45%
1256 Sromowce Wyżne
45%
3568 Szaflary
45%
1685 Tęgoborze
45%
1255 Zabrzeż
45%
1201 Chochołów
36%
1072 Dąbrowa
36%
811 Dębno
36%
2410 Dzianisz
36%
302 Falsztyn
36%
1690 Frydman
36%
1259 Gołkowice Dolne
36%
980 Gołkowice Górne
36%
1338 Jurków
36%
2626 Ludźmierz
36%
2303 Maniowy
36%
2007 Podegrodzie
36%
2421 Waksmund
36%
461 Wytrzyszczka
36%
4100 Żabno
36%
539 Zarzecze
36%
287 Zbyszyce
36%
1225 Bartkowa-Posadowa
27%
491 Biała
27%
686 Harklowa
27%
1767 Jazowsko
27%
1111 Kadcza
27%
1925 Kluszkowce
27%
407 Koniówka
27%
134 Kurów
27%
1721 Łopuszna
27%
581 Mizerna
27%
723 Mostki
27%
682 Nieciecza
27%
1879 Niedomice
27%
Brak danych Niedzica-Zamek
27%
473 Ostrów
27%
1317 Ostrowsko
27%
640 Szlembark
27%
333 Ujście Jezuickie
27%
1363 Wielogłowy
27%
566 Witowice Dolne
27%
2695 Zbylitowska Góra
27%
383 Białawoda
18%
1329 Bilsko
18%
767 Biskupice Melsztyńskie
18%
1019 Biskupice Radłowskie
18%
991 Bogumiłowice
18%
473 Dąbrówka Szczepanowska
18%
608 Filipowice
18%
1394 Gaboń
18%
268 Isep
18%
482 Knurów
18%
728 Krauszów
18%
506 Łazy Brzyńskie
18%
385 Lipie
18%
186 Melsztyn
18%
950 Mikołajowice
18%
885 Naszacowice
18%
116 Nowopole
18%
1386 Obidza
18%
473 Piaski-Drużków
18%
919 Podczerwone
18%
213 Roztoka
18%
475 Sukmanie
18%
3422 Świniarsko
18%
495 Tropie
18%
962 Wesołów
18%
1362 Wielka Wieś
18%
672 Wietrzychowice
18%
579 Wróblówka
18%
3040 Zgłobice
18%
320 Znamirowice
18%
148 Będzieszyna
9%
878 Bobrowniki Małe
9%
784 Bobrowniki Wielkie
9%
2596 Brzezna
9%
644 Brzyna
9%
764 Czerniec
9%
535 Długopole
9%
91 Goruszów
9%
1347 Ilkowice
9%
565 Kępa Bogumiłowicka
9%
1034 Łukanowice
9%
1003 Lusławice
9%
890 Mała Wieś
9%
62 Okręg
9%
913 Olszyny
9%
751 Otfinów
9%
55 Pałuszyce
9%
414 Pasieka Otfinowska
9%
274 Pierszyce
9%
560 Rdziostów
9%
615 Roztoka-Brzeziny
9%
224 Sanoka
9%
200 Sieciechowice
9%
450 Sienna
9%
930 Stadła
9%
1533 Szczepanowice
9%
273 Tabaszowa
9%
697 Wróblowice
9%
308 Zawada Lanckorońska
9%
129 Bienaszowice
0%
876 Błonie
0%
395 Charzewice
0%
302 Demblin
0%
275 Domosławice
0%
208 Glów
0%
365 Gosławice
0%
129 Janikowice
0%
1071 Janowice
0%
602 Komorów
0%
482 Miechowice Wielkie
0%
695 Podrzecze
0%
496 Przybysławice
0%
317 Siedlec
0%
443 Siedliszowice
0%
423 Sikorzyce
0%
1184 Suche
0%
396 Zdrochec
0%
Nie znaleziono quizów pasujących do podanych kryteriów
Rozkład punktacji
Procent ludzi z każdym wynikiem
Percentyl według liczby udzielonych odpowiedzi
Twoja historia wyników
Nie rozwiązałeś tego quizu